<?xml version="1.0" encoding="UTF-8"?>
<record
    xmlns:xsi="http://www.w3.org/2001/XMLSchema-instance"
    xsi:schemaLocation="http://www.loc.gov/MARC21/slim http://www.loc.gov/standards/marcxml/schema/MARC21slim.xsd"
    xmlns="http://www.loc.gov/MARC21/slim">

  <leader>00857cam a2200241 a 4500</leader>
  <controlfield tag="001">rc 01001237 </controlfield>
  <controlfield tag="003">DLC</controlfield>
  <controlfield tag="005">20260227111903.0</controlfield>
  <controlfield tag="008">840713s1859    gw            000 0ager  </controlfield>
  <datafield tag="010" ind1=" " ind2=" ">
    <subfield code="a">rc 01001237 </subfield>
  </datafield>
  <datafield tag="040" ind1=" " ind2=" ">
    <subfield code="a">DLC</subfield>
    <subfield code="c">DLC</subfield>
    <subfield code="d">DLC</subfield>
  </datafield>
  <datafield tag="043" ind1=" " ind2=" ">
    <subfield code="a">n-usp--</subfield>
    <subfield code="a">nr-----</subfield>
  </datafield>
  <datafield tag="050" ind1="0" ind2="0">
    <subfield code="a">F593</subfield>
    <subfield code="b">.S33</subfield>
  </datafield>
  <datafield tag="100" ind1="1" ind2=" ">
    <subfield code="a">Schiel, J.</subfield>
    <subfield code="q">(Jacob Heinrich Wilhelm),</subfield>
    <subfield code="d">1813-</subfield>
  </datafield>
  <datafield tag="245" ind1="1" ind2="0">
    <subfield code="a">Reise durch die Felsengebirge und die Humboldtgebirge nach dem Stillen Ocean :</subfield>
    <subfield code="b">eine Skizze /</subfield>
    <subfield code="c">von Dr. J. Schiel.</subfield>
  </datafield>
  <datafield tag="260" ind1=" " ind2=" ">
    <subfield code="a">Schaffhausen :</subfield>
    <subfield code="b">Druck und Verlag der Brodtmann'schen Buchhandlung,</subfield>
    <subfield code="c">1859.</subfield>
  </datafield>
  <datafield tag="300" ind1=" " ind2=" ">
    <subfield code="a">139 p. ;</subfield>
    <subfield code="c">19 cm.</subfield>
  </datafield>
  <datafield tag="510" ind1="4" ind2=" ">
    <subfield code="a">Wagner-Camp (4th ed.),</subfield>
    <subfield code="c">344</subfield>
  </datafield>
  <datafield tag="500" ind1=" " ind2=" ">
    <subfield code="a">Errata on leaf after t.p.</subfield>
  </datafield>
  <datafield tag="651" ind1=" " ind2="0">
    <subfield code="a">West (U.S.)</subfield>
    <subfield code="x">Description and travel.</subfield>
  </datafield>
  <datafield tag="651" ind1=" " ind2="0">
    <subfield code="a">Rocky Mountains</subfield>
    <subfield code="x">Description and travel.</subfield>
  </datafield>
  <datafield tag="650" ind1=" " ind2="0">
    <subfield code="a">Overland journeys to the Pacific.</subfield>
  </datafield>
  <datafield tag="999" ind1=" " ind2=" ">
    <subfield code="c">52044</subfield>
    <subfield code="d">52044</subfield>
  </datafield>
</record>
